Vernon Subutex : tome 2 /

Wedi'i Gadw mewn:
Manylion Llyfryddiaeth
Prif Awdur: Despentes, Virginie (autor)
Fformat: Llyfr
Iaith:Ffrangeg
Cyhoeddwyd: París, Francia : Bernard Grasset, 2015, c2015
Cyfres:(Le Livre de Poche Grasset ; 34097)
Pynciau:
Tagiau: Ychwanegu Tag
Dim Tagiau, Byddwch y cyntaf i dagio'r cofnod hwn!

MARC

LEADER 00000nam^a2200000^a^4500
001 000399825
005 20250521000000.0
009 20260310121603.755
020 |a 978-2-253-08767-0 
037 |a Acervo ITESO - Biblioteca 
041 |a FRA 
082 |a 843.  |b DES V. 2 
100 |a Despentes, Virginie  |e (autor) 
240 1 1 |a [Vernon Subutex] 
240 1 1 |a [Vernon Subutex 2] 
245 1 0 |a Vernon Subutex :  |b tome 2 /  |c V. Despentes. 
264 4 |a París, Francia :  |b Bernard Grasset,  |c 2015, c2015 
300 |a 404 p. 
336 |a texto  |b txt  |2 rdacontenido 
337 |a sin mediación  |b n  |2 rdamedio 
338 |a volumen  |b nc  |2 rdasoporte 
440 4 |a (Le Livre de Poche Grasset ;  |v 34097) 
521 |a FIL 2017 EEnlace Departamento de Lenguas 
545 0 |a Virginie Despentes (Nancy, 1969), escritora y cineasta francesa, considerada una de las voces más radicales y osadas de su generación. Su obra, de ficción y de reflexión, es clasificada como "trash", feminista radical y de excesos, así como de sórdida; se basa en sus experiencias personales de violación, prostitución y pornografía, temas recurrentes en sus novelas y películas; en una especie de ajustes de cuentas de género, sus protagonistas femeninas suelen ocupar posiciones reservadas tradicionalmente a los hombres. Su escritura es directa, sin inhibiciones, con recursos tomados de la composición musical. Entre sus creaciones figuran las novelas Fóllame (1993), Perras sabias (1996), Lo bueno de la verdad (1998, Premio de Flore), Bye Blondie (2004) y Apocalypse bébé (2010, premios Trop Virilo y Renaudot) y el volumen de ensayos Teoría King Kong (2006). Ha llevado al cine sus novelas Fóllame (2000) –película distribuida en México y otros países bajo el absurdo título de Viólame- y Bye Blondie (2011). 
649 |a XX 
650 |a Personas sin Hogar en la Literatura 
650 |a Adultos Maduros en la Literatura 
650 |a Novela Francesa 
650 |a Literatura de Mujeres -  |z Francia 
650 |a Literatura Francesa -  |y Siglo XXI 
650 |a París, Francia en la Literatura 
910 |a Fondo General 
920 |a Impresos - Libros 
930 |a Colección General 
940 |a Literatura 
905 |a 101 
901 |a 0500295025  |b IT1  |c LEN  |i c156892  |u 20250521 
902 |a https://opac.biblio.iteso.mx/vufind/Record/000399825